[Event "Summer Cup"]
[Site "Wellington Chess Club"]
[Date "2020.02.20"]
[Round "3.4"]
[White "Aldridge, Alan"]
[Black "Wastney, Scott"]
[Result "0-1"]
[WhiteElo "1893"]
[BlackElo "2425"]

1. e4 e5 2. Nf3 Nc6 3. Bb5 a6 4. Ba4 Nf6 5. O-O Be7 6. Re1 b5 7. Bb3 O-O 8. c3
d5 9. exd5 Nxd5 10. Nxe5 Nxe5 11. Rxe5 c6 12. d4 Bd6 13. Re1 Qh4 14. g3 Qh3 15.
Qf3 Bg4 16. Qg2 Qh5 17. Be3 Rae8 18. Nd2 Re7 19. Bd1 Bxd1 20. Raxd1 Rfe8 21. g4
Qg6 22. Nf3 Bf4 23. Nh4 Qc2 24. Rb1 g6 25. Rec1 Qa4 26. Nf5 Re6 27. Bxf4 Nxf4
28. Qf3 Ne2+ 29. Kg2 gxf5 30. gxf5 Re4 31. f6 Qc4 32. Kh1 Nf4 33. Rg1+ Ng6 34.
Rbf1 Qd5 35. Rxg6+ 0-1

[Event "Summer Cup"]
[Site "Wellington Chess Club"]
[Date "2020.02.20"]
[Round "3.5"]
[White "He, Caleb"]
[Black "Nyberg, Michael"]
[Result "0-1"]
[WhiteElo "1913"]
[BlackElo "2114"]

1. c4 c6 2. g3 e5 3. Bg2 Nf6 4. Nf3 e4 5. Nd4 d5 6. cxd5 cxd5 7. O-O Nc6 8. Nb3
a5 9. d3 a4 10. N3d2 exd3 11. exd3 Be6 12. Nf3 h6 13. d4 Be7 14. Nc3 a3 15.
bxa3 Bxa3 16. Qb3 Bb4 17. Ne5 Be7 18. Nxc6 bxc6 19. a4 O-O 20. Ba3 c5 21. Qb7
Rb8 22. Qa7 Re8 23. Bxc5 Ra8 24. Bxe7 Rxe7 25. Qc5 Rc7 26. Qa3 Rc4 27. Rfd1 Qa5
28. Ne2 Bd7 29. Qb2 Rxa4 30. Rxa4 Qxa4 31. Rc1 Qa7 32. Nf4 Rb8 33. Qc3 Rc8 34.
Qb2 Rxc1+ 35. Qxc1 Qxd4 36. Ne2 Qa4 37. Nc3 Qa5 38. Qd2 Qa1+ 39. Nd1 Bg4 40. f3
Bd7 41. Kf2 Qa7+ 42. Ne3 Qb6 43. Bf1 Be6 44. Bd3 Nd7 45. Ke2 Nc5 46. Bf5 Bxf5
47. Nxf5 Qe6+ 48. Ne3 Qa6+ 49. Kf2 Nd3+ 50. Kg2 d4 51. Nc2 Qc4 52. Ne1 Nxe1+
53. Qxe1 Qc2+ 54. Kh3 Qc8+ 55. Kg2 d3 56. Qe3 Qc2+ 0-1

[Event "Summer Cup"]
[Site "Wellington Chess Club"]
[Date "2020.02.20"]
[Round "3.6"]
[White "Winfield, Alan"]
[Black "Stone, Andrew"]
[Result "1/2-1/2"]
[WhiteElo "1911"]
[BlackElo "2038"]

1. d4 Nf6 2. Bf4 g6 3. Nc3 d5 4. f3 c6 5. e4 b5 6. a3 Qa5 7. e5 Nh5 8. Be3 Nd7
9. Qd2 Qc7 10. Bd3 Nb6 11. b3 Ng7 12. Bh6 a5 13. Nge2 f6 14. exf6 exf6 15. O-O
Bd6 16. Bf4 O-O 17. Bxd6 Qxd6 18. Ng3 f5 19. Nce2 f4 20. Nh1 Nf5 21. Qxf4 Qxf4
22. Nxf4 Nxd4 23. Ne2 Nxe2+ 24. Bxe2 Bf5 25. Rac1 Rae8 26. Bd3 a4 27. b4 Nc4
28. Bxc4 bxc4 29. Ng3 d4 30. Nxf5 Rxf5 31. Rcd1 Rd8 32. Rfe1 Kf7 33. Kf2 Rd6
34. Re4 Kf6 35. Ke2 g5 36. Kd2 Rfd5 37. h4 gxh4 38. Rxh4 h5 39. g4 hxg4 1/2-1/2

[Event "Summer Cup"]
[Site "Wellington Chess Club"]
[Date "2020.02.20"]
[Round "3.7"]
[White "Chen, Wei Kai"]
[Black "Brockway, Andrew"]
[Result "1/2-1/2"]
[WhiteElo "1930"]
[BlackElo "1823"]

1. b3 Nc6 2. Bb2 e5 3. e4 Bc5 4. Nf3 d6 5. Bc4 Nge7 6. Ng5 O-O 7. Qh5 h6 8.
Nxf7 Rxf7 9. Qxf7+ Kh7 10. O-O Bd7 11. Qh5 Ng6 12. Nc3 Bd4 13. Na4 Nf4 14. Qf3
Bxb2 15. Nxb2 Nd4 16. Qd1 Qg5 17. g3 Bh3 18. c3 Bxf1 19. Bxf1 Nde6 20. d4 Rf8
21. Nd3 Nxd3 22. Qxd3 Qf6 23. Qe3 exd4 24. cxd4 Nxd4 25. Bd3 {Draw agreed !?!}
1/2-1/2

[Event "Summer Cup"]
[Site "Wellington Chess Club"]
[Date "2020.02.20"]
[Round "3.8"]
[White "Enegbuma, Wallace"]
[Black "Lyall, Gordon"]
[Result "0-1"]
[WhiteElo "1778"]
[BlackElo "1915"]

1. e4 c6 2. Nf3 d5 3. exd5 cxd5 4. Bb5+ Bd7 5. Qe2 Nc6 6. d4 Nf6 7. Bf4 e6 8.
c3 Be7 9. Nbd2 O-O 10. h3 a6 11. Bd3 b5 12. g4 b4 13. Ne5 bxc3 14. bxc3 Ba3 15.
Rb1 Qa5 16. Rb3 Rfc8 17. O-O Bf8 18. Nb1 Be8 19. g5 Nd7 20. Rb7 Ncxe5 21. Bxe5
Nxe5 22. dxe5 g6 23. h4 Qa4 24. f4 Bc6 25. Rb3 Bc5+ 26. Kh2 Rab8 27. Bxa6 Rd8
28. Rxb8 Rxb8 29. Bd3 d4 30. c4 Ba8 31. Re1 Qc6 32. Be4 Qxe4 33. Qxe4 Bxe4 0-1

[Event "Summer Cup"]
[Site "Wellington Chess Club"]
[Date "2020.02.20"]
[Round "3.9"]
[White "Tanoi, Edward"]
[Black "Wojnar, Maciej"]
[Result "0-1"]
[WhiteElo "2001"]
[BlackElo "2100"]

1. d4 f5 2. Nf3 e6 3. d5 Bd6 4. dxe6 dxe6 5. Nc3 Nf6 6. Bg5 h6 7. Bd2 a6 8. g3
Nc6 9. Bg2 e5 10. e4 fxe4 11. Nh4 g5 12. Ng6 Rg8 13. h4 Bg4 14. Qc1 Rxg6 15.
hxg5 hxg5 16. Rh8+ Rg8 17. Rxg8+ Nxg8 18. Bxe4 Nd4 19. Bxg5 Be7 20. Bxe7 Qxe7
21. Nd5 Qg7 22. Nxc7+ Qxc7 23. Qg5 Be6 24. c3 Nc6 25. O-O-O Rd8 26. Rh1 Kd7 27.
Bf5 Bxf5 28. Qxf5+ Kd6 29. Qd3+ Ke6 30. Qg6+ Nf6 31. f4 Qf7 32. Qg5 Rg8 33. f5+
Ke7 34. Qe3 Qxa2 35. Rd1 Qa1+ 36. Kc2 Qa4+ 37. Kc1 Qb5 38. Qd2 Rd8 39. Qg5
Rxd1+ 40. Kxd1 Qb3+ 41. Kc1 Qg8 42. Qe3 Qg4 43. Qb6 Qg5+ 44. Kd1 Qxf5 45. Qxb7+
Qd7+ 0-1

[Event "Summer Cup"]
[Site "Wellington Chess Club"]
[Date "2020.02.20"]
[Round "3.10"]
[White "Farrington, Lawrence"]
[Black "Benitez, Edgar"]
[Result "1/2-1/2"]
[WhiteElo "1646"]
[BlackElo "2037"]

1. e4 e5 2. Nf3 Nc6 3. Nc3 Nf6 4. Bb5 a6 5. Bxc6 dxc6 6. Nxe5 Bc5 7. Nf3 Bg4 8.
d3 h6 9. h3 Bh5 10. Qe2 Qe7 11. Be3 O-O-O 12. Bxc5 Qxc5 13. O-O-O Kb8 14. Qe3
Qa5 15. g4 Bg6 16. Nh4 Rhe8 17. Nxg6 fxg6 18. f4 Nd5 19. Nxd5 cxd5 20. Kb1 d4
21. Qd2 Qb5 22. a3 Re6 23. Rhe1 Rb6 24. Qc1 Rdd6 25. Ka2 Rdc6 26. Re2 Rc5 27.
Qa1 Qd7 28. f5 Rcb5 29. Rb1 Rc5 30. Rc1 Qf7+ 31. Kb1 Rcb5 32. c4 Rb3 33. Rd1
Qe7 34. Kc1 Qg5+ 35. Kb1 Qe7 36. Kc1 Qh4 37. Qb1 gxf5 38. gxf5 Qxh3 39. Qc2 Qg3
40. Rdd2 Qe5 41. Qd1 a5 42. Qg1 a4 43. Qh2 Qxh2 44. Rxh2 {Can't work out the
rest, it ended in a draw} 1/2-1/2

[Event "Summer Cup"]
[Site "Wellington Chess Club"]
[Date "2020.02.20"]
[Round "3.11"]
[White "Darr, Samuel"]
[Black "Sole, Michael"]
[Result "0-1"]
[WhiteElo "1592"]
[BlackElo "2014"]

1. e4 c5 2. Nf3 Nc6 3. d4 cxd4 4. Nxd4 Nf6 5. Nc3 e5 6. Nb3 Bb4 7. Bd2 Bxc3 8.
Bxc3 Nxe4 9. Bxe5 Nxe5 10. Qd5 O-O 11. Qxe4 d5 12. Qd4 Nc6 13. Qd2 Re8+ 14. Be2
Qe7 15. Nc1 Bf5 16. a3 Qe4 17. O-O Qxc2 18. Qxd5 Rad8 19. Qb5 Nd4 20. Qa5 b6
21. Qxa7 Nxe2+ 22. Nxe2 Qxe2 23. Qxb6 Rb8 24. Qc5 Bd3 25. Rfd1 Qxb2 26. Rac1
Qb5 27. Qc3 Bg6 28. Ra1 Qa4 29. h3 h6 30. Rd4 Qb3 31. Qc1 Rec8 32. Qe1 Ra8 33.
Rd2 Rxa3 34. Rad1 Raa8 35. Re2 Rab8 36. Re3 Qxd1 0-1

[Event "Summer Cup"]
[Site "Wellington Chess Club"]
[Date "2020.02.20"]
[Round "3.12"]
[White "Jackson, Ross"]
[Black "Symon, Christopher"]
[Result "1-0"]
[WhiteElo "1993"]
[BlackElo "1300"]

1. d4 f5 2. g3 Nf6 3. Bg2 d5 4. Nf3 e6 5. O-O Bd6 6. c4 c6 7. b3 O-O 8. Nc3 Ne4
9. Qc2 b6 10. cxd5 cxd5 11. Nb5 Ba6 12. Nxd6 Qxd6 13. Bf4 Qe7 14. Rac1 Nd7 15.
h4 Qb4 16. Qc6 Qe7 17. Rfe1 h6 18. Qa4 Bc8 19. Rc7 g5 20. hxg5 hxg5 21. Bc1 Qf6
22. Rxd7 Bxd7 23. Qxd7 Rf7 24. Qc6 Rd8 25. Ne5 Rh7 26. g4 fxg4 27. Bxe4 dxe4
28. Qxe4 Rf8 29. Qg6+ Qxg6 30. Nxg6 Rf6 31. Ne5 Rfh6 32. Bd2 Rh1+ 33. Kg2 R1h2+
34. Kg3 R2h4 35. Bxg5 Rh3+ 36. Kxg4 Rc3 37. Be3 Rcc7 38. Kf3 Rhg7 39. Ke4 1-0

[Event "Summer Cup"]
[Site "Wellington Chess Club"]
[Date "2020.02.20"]
[Round "3.13"]
[White "He, Paul"]
[Black "Laking, Robert"]
[Result "1/2-1/2"]
[WhiteElo "1931"]
[BlackElo "1940"]

1. c4 c5 2. g3 e6 3. Bg2 d5 4. Nf3 Nf6 5. O-O Nc6 6. cxd5 exd5 7. d4 c4 8. Nc3
h6 9. Ne5 Bf5 10. Nxd5 Nxd5 11. Nxc6 bxc6 12. e4 Be6 13. exd5 cxd5 14. Bd2 g6
15. Re1 Bg7 16. Bb4 a5 17. Bc5 Bf8 18. Qa4+ Qd7 19. Qa3 Bxc5 20. Qxc5 Rd8 21.
Re2 Qd6 22. Qb5+ Kf8 23. Qxa5 Kg7 24. Qc3 Ra8 25. a4 Rhb8 26. Qe3 Ra5 27. Qe5+
Qxe5 28. dxe5 d4 29. f4 Rb4 30. Rd2 d3 31. Bc6 Rb6 32. Be4 Bd7 33. Rc1 Rxa4 34.
Bd5 Be6 35. Bxe6 fxe6 36. Kf2 Rb3 37. Ke3 Kf7 38. Rf2 d2+ 39. Kxd2 Rxb2+ 40.
Ke1 c3 41. Rfc2 g5 42. Rxc3 Re4+ 43. Kf1 Ree2 44. fxg5 Rxh2 45. Kg1 Rbg2+ 46.
Kf1 h5 47. Rf3+ Kg6 48. Rc6 Kxg5 49. Rxe6 Rb2 50. Kg1 Rbg2+ 51. Kf1 Rb2 52. Kg1
Rbg2+ 1/2-1/2

[Event "Summer Cup"]
[Site "Wellington Chess Club"]
[Date "2020.02.20"]
[Round "3.14"]
[White "Carroll, Lewis"]
[Black "Rossiter, Philip"]
[Result "1-0"]
[WhiteElo "1574"]
[BlackElo "1901"]

1. Nf3 b6 2. e4 Bb7 3. Nc3 e6 4. d4 c5 5. d5 exd5 6. exd5 d6 7. Qe2+ Qe7 8. Ne4
Bxd5 9. Nxd6+ Kd7 10. Ne5+ Kc7 11. Bf4 Nf6 12. Ndxf7 Kb7 13. Nxh8 Nbd7 14.
O-O-O Re8 15. Qa6+ Ka8 16. Nxd7 Qxd7 17. Bb5 Qf5 18. Bxe8 Qxf4+ 19. Kb1 Bb7 20.
Rd8+ 1-0

[Event "Summer Cup"]
[Site "Wellington Chess Club"]
[Date "2020.02.20"]
[Round "3.15"]
[White "Hurndell, Robert"]
[Black "Hall, Nathan"]
[Result "0-1"]
[WhiteElo "1553"]
[BlackElo "1871"]

1. e4 e6 2. d4 d5 3. Nc3 Nf6 4. e5 Nfd7 5. Nf3 c5 6. Be3 Nc6 7. Bb5 cxd4 8.
Bxc6 dxc3 9. Bxd7+ Bxd7 10. bxc3 Bb5 11. Nd4 Bc4 12. Qd2 Qa5 13. f4 g6 14. Kf2
Rc8 15. Rhb1 Rc7 16. a4 Be7 17. Nb5 Bxb5 18. axb5 Qxc3 19. Rxa7 Qxd2+ 20. Bxd2
Bc5+ 21. Ke2 Bxa7 22. b6 Bxb6 23. Rxb6 O-O 0-1

[Event "Summer Cup"]
[Site "Wellington Chess Club"]
[Date "2020.02.20"]
[Round "3.17"]
[White "Winsley, Nicholas"]
[Black "Loke, Kayden"]
[Result "0-1"]
[WhiteElo "1565"]
[BlackElo "1694"]

1. e4 e5 2. Nf3 Nc6 3. Bb5 a6 4. Ba4 b5 5. Bb3 Nf6 6. O-O d6 7. d3 Bg4 8. Be3
a5 9. a4 b4 10. Nbd2 Be7 11. Bc4 O-O 12. Bb5 Na7 13. Nb3 Nxb5 14. axb5 a4 15.
Nbd2 Qb8 16. c4 bxc3 17. bxc3 Qxb5 18. Qc2 Be6 19. Rfb1 Qa5 20. d4 exd4 21.
Nxd4 Bd7 22. Qb2 Rab8 23. Qxb8 Rxb8 24. Rxb8+ Bf8 25. Nf5 Bxf5 26. exf5 Nd7 27.
Rd8 Ne5 28. Bd4 Nc6 29. Rc8 Nxd4 30. Nc4 Qxc3 0-1

[Event "Summer Cup"]
[Site "Wellington Chess Club"]
[Date "2020.02.20"]
[Round "3.18"]
[White "Webster, Jamie"]
[Black "Stracy, Don"]
[Result "1-0"]
[WhiteElo "1825"]
[BlackElo "1608"]

1. e4 c5 2. Nf3 e6 3. d4 cxd4 4. Nxd4 Nf6 5. Nc3 Nc6 6. Bc4 d5 7. exd5 Nxd5 8.
Nxd5 exd5 9. Be2 Be7 10. Be3 O-O 11. O-O Bd7 12. Bf3 Nxd4 13. Bxd4 Bc6 14. Qd3
Qd7 15. Rfe1 Rfe8 16. Rad1 b6 17. h3 Bc5 18. Rxe8+ Rxe8 19. Bxc5 bxc5 20. Bxd5
g6 21. Bxc6 Qxc6 22. Qd2 Qb5 23. Qc3 c4 24. Qf6 Qb6 25. Qxb6 axb6 26. Kf1 Kf8
27. Rd7 Rb8 28. Ke2 Ke8 29. Rc7 b5 30. Ke3 Ra8 31. a3 Rb8 32. f4 h5 33. Kd4
Rd8+ 34. Kc3 f5 35. b3 cxb3 36. cxb3 h4 37. a4 bxa4 38. bxa4 Rd1 39. Rg7 Rd6
40. a5 Kf8 41. Rb7 Rd1 42. a6 1-0

[Event "Summer Cup"]
[Site "Wellington Chess Club"]
[Date "2020.02.20"]
[Round "3.19"]
[White "Tarzwell, Caleb"]
[Black "Ross, Matt"]
[Result "0-1"]
[WhiteElo "1500"]
[BlackElo "1904"]

1. d4 Nf6 2. c4 e5 3. e3 Bb4+ 4. Nc3 exd4 5. exd4 Qe7+ 6. Be2 Ne4 7. Bd2 Nxf2
8. Kxf2 Qh4+ 9. g3 Qxd4+ 10. Be3 Qf6+ 11. Nf3 Bxc3 12. Bg5 Qb6+ 13. Kg2 Bf6 14.
Bf4 d6 15. Bd3 Be6 16. Qc2 Nd7 17. Rhe1 O-O-O 18. Rab1 Nc5 19. Be3 Qc6 20. b3
Bg4 21. Bf5+ Bxf5 22. Qxf5+ Qd7 23. Qd5 c6 24. Qd2 Rhe8 25. Bxc5 Rxe1 26. Rxe1
dxc5 27. Qa5 b6 28. Qa6+ Kb8 29. Qa4 Kb7 30. a3 Re8 31. b4 Rxe1 32. Nxe1 Qd2+
33. Kf1 Bd4 34. Qc2 Qe3 35. Ng2 Qg1+ 36. Ke2 Qxg2+ 37. Kd3 Qf3+ 38. Kd2 Be3+
39. Ke1 Qh1+ 40. Ke2 Qxh2+ 41. Kd3 Qxg3 42. Qe2 Bd4+ 43. Kc2 Qf2 44. Kd3 Qxe2+
45. Kxe2 h5 46. Kf3 g5 47. Kg3 f5 48. Kf3 cxb4 49. axb4 Bc3 50. b5 a5 0-1

[Event "Summer Cup"]
[Site "Wellington Chess Club"]
[Date "2020.02.20"]
[Round "3.20"]
[White "Ashe, Michael"]
[Black "Cooke, Xandi"]
[Result "1-0"]
[WhiteElo "1643"]
[BlackElo "1467"]

1. d4 d5 2. c4 Nf6 3. cxd5 Nxd5 4. Nf3 Bg4 5. e4 Nb4 6. Qa4+ N8c6 7. d5 Nxd5 8.
exd5 Bxf3 9. dxc6 Bxc6 10. Bb5 Qd7 11. Bxc6 Qxc6 12. Qxc6+ bxc6 13. Be3 g6 14.
Bd4 Rg8 15. Nd2 1-0

[Event "Summer Cup"]
[Site "Wellington Chess Club"]
[Date "2020.02.20"]
[Round "3.21"]
[White "Shepherd, Blake"]
[Black "Yu, Johnson"]
[Result "0-1"]
[WhiteElo "1614"]
[BlackElo "1193"]

1. d4 d5 2. c4 e6 3. Nc3 Nf6 4. Bg5 Be7 5. Nf3 Nc6 6. e3 h6 7. Bxf6 Bxf6 8. Bd3
dxc4 9. Bxc4 Be7 10. O-O a6 11. Bb3 f6 12. Qe2 Na5 13. Ba4+ Bd7 14. b3 c5 15.
Bxd7+ Qxd7 16. Rad1 Qc7 17. Qb2 O-O-O 18. Rc1 Kb8 19. Ne4 Rd5 20. b4 Qb6 21.
dxc5 Qb5 22. Nc3 Nc4 23. Qb3 Rd3 24. Ne1 Nd2 25. Qb2 Rxc3 26. Qxd2 Rxc1 27.
Qxc1 Qxb4 28. Nd3 Qe4 29. Qc3 Rc8 30. f3 Qxe3+ 31. Kh1 Bxc5 0-1

[Event "Summer Cup"]
[Site "Wellington Chess Club"]
[Date "2020.02.20"]
[Round "3.24"]
[White "Asher, Bruce"]
[Black "Dunlop, Rafe"]
[Result "0-1"]
[WhiteElo "1159"]
[BlackElo "1307"]

1. e4 e5 2. Nf3 Nc6 3. Nc3 Bc5 4. Bc4 Nf6 5. O-O O-O 6. b3 d6 7. Bb2 Bg4 8. h3
Bh5 9. g4 Bg6 10. d3 h6 11. Qd2 Na5 12. g5 Nxc4 13. bxc4 Bh5 14. Nh4 Nh7 15.
Ne2 Nxg5 16. Kh2 Nf3+ 17. Nxf3 Bxf3 18. Ng1 Bh5 19. f3 Qh4 20. Qg2 Be3 21. Rae1
Bf4+ 22. Kh1 f5 23. d4 Rad8 24. Rd1 Rf6 25. dxe5 Rg6 26. Qf2 Rxg1+ 27. Kxg1
Qxf2+ 28. Kxf2 fxe4 29. exd6 cxd6 30. c5 d5 31. Rg1 g5 32. c4 Bxf3 33. Rxd5
Rxd5 34. cxd5 Kf7 35. c6 bxc6 36. dxc6 Ke6 37. h4 g4 38. Bc1 g3+ 39. Kf1 Bxc1
40. Rxg3 Bf4 41. Rg6+ Kd5 42. Rf6 Bg3 43. Rxh6 e3 44. c7 e2+ 0-1

[Event "Summer Cup"]
[Site "Wellington Chess Club"]
[Date "2020.02.27"]
[Round "4.1"]
[White "Wastney, Scott"]
[Black "Ker, Anthony"]
[Result "*"]
[WhiteElo "2425"]
[BlackElo "2436"]

1. e4 c5 2. Nf3 g6 3. d4 cxd4 4. Qxd4 Nf6 5. e5 Nc6 6. Qa4 Nd5 7. Qe4 Nc7 8.
Nc3 Bg7 9. Bf4 b5 10. O-O-O b4 11. Nd5 Nxd5 12. Qxd5 Qb6 13. h4 h5 14. Ng5 O-O
15. Be3 Qc7 16. f4 b3 17. axb3 a5 18. Bb5 Nb4 19. Qc5 Qb7 20. Ba4 Qxg2 21. Rhg1
Qb7 22. Qxe7 Nd5 23. Qc5 Nxe3 24. Qxe3 Ra6 25. Ne4 Qa7 26. Qxa7 Rxa7 27. Kb1
Kh7 28. Rd6 Rd8 29. Bb5 Bf8 30. Rd2 Be7 31. Ng5+ Kg7 32. f5 Bc5 33. Rg3 d5 34.
e6 fxe6 35. Nxe6+ Bxe6 36. Rxg6+ Kf7 37. Rxe6 Re7 38. Rde2 Rxe6 39. Rxe6 Rd6
40. Be8+ Kg7 41. Bxh5 Rxe6 42. fxe6 Be7 43. Bf3 Bxh4 44. Bxd5 Kf6 45. Bc4 Ke5
46. c3 Be7 47. Kc2 Ke4 48. Bf1 Ke5 49. Bh3 Ke4 50. b4 axb4 51. cxb4 Bxb4 52.
Kb3 Be7 53. Kc4 Ke5 54. b4 Kd6 55. b5 Bd8 56. Kd4 Bb6+ 57. Ke4 Bc7 58. Kf5 Bd8
59. Bf1 Be7 60. Bc4 Bd8 61. Be2 Be7 62. Bf3 Bd8 63. Bc6 Be7 64. Be8 Bd8 65. Bd7
Kc7 66. Kg6 Be7 67. Kf7 Kd6 68. b6 Bd8 69. b7 Kc7 70. Bc6 Bh4 71. e7 *

[Event "Summer Cup"]
[Site "Wellington Chess Club"]
[Date "2020.02.27"]
[Round "4.2"]
[White "Dive, Russell"]
[Black "Nyberg, Michael"]
[Result "1-0"]
[WhiteElo "2433"]
[BlackElo "2114"]

1. Nf3 Nf6 2. c4 c6 3. d4 d5 4. e3 e6 5. Nc3 Nbd7 6. Bd3 Bd6 7. O-O O-O 8. Qe2
Re8 9. e4 dxe4 10. Nxe4 Nxe4 11. Qxe4 Nf6 12. Qh4 h6 13. b3 Bd7 14. Bb2 Be7 15.
Rad1 Nh7 16. Qg3 Bf6 17. Ne5 Bh4 18. Qe3 Nf8 19. f4 f5 20. b4 Bf6 21. a4 Qb6
22. Bc3 Qc7 23. Be2 Rad8 24. b5 cxb5 25. axb5 Rc8 26. Bb4 a5 27. bxa6 bxa6 28.
Qa3 Bxe5 29. fxe5 Qa7 30. Bc5 Qa8 31. Bf3 Bc6 32. d5 exd5 33. cxd5 Bb5 34. Rfe1
Nd7 35. Bd4 Qb8 36. Qe3 Rc4 37. d6 Bc6 38. Bxc6 Rxc6 39. Qf3 Qb5 40. Qxf5 Rxd6
41. Qf3 Nxe5 42. Qg3 Rde6 43. h3 a5 44. Kh1 a4 45. Rc1 R6e7 46. Ba1 Qd5 47.
Rcd1 Qa5 48. Re4 Nc6 49. Qg6 Ne5 50. Bxe5 Rxe5 51. Rd7 Qe1+ 52. Rxe1 $2 (52.
Kh2) 52... Rxe1+ 53. Kh2 R1e7 54. Rxe7 Rxe7 55. Qa6 1-0

[Event "Summer Cup"]
[Site "Wellington Chess Club"]
[Date "2020.02.27"]
[Round "4.3"]
[White "Wojnar, Maciej"]
[Black "Croad, Nicolas"]
[Result "0-1"]
[WhiteElo "2100"]
[BlackElo "2426"]

1. e4 e5 2. d4 exd4 3. Qxd4 Nc6 4. Qe3 Nf6 5. Bd2 Bb4 6. Nc3 O-O 7. O-O-O Re8
8. Bc4 d6 9. f3 Ne5 10. Bb3 a5 11. a3 Bc5 12. Qg5 c6 13. h4 b5 14. a4 b4 15.
Nce2 Qb6 16. h5 h6 17. Qf4 Ba6 18. g4 Bc4 19. g5 hxg5 20. Qxg5 Nh7 21. Qg3 Bxb3
22. cxb3 Bf2 23. Qg2 Be3 24. Nf4 d5 25. h6 g6 26. exd5 cxd5 27. Kb1 d4 28. Nd5
Qe6 29. f4 Ng4 30. Nh3 Rac8 31. f5 Qxf5+ 32. Ka2 Rc2 33. Rhf1 Qe4 34. Qxe4 Rxe4
35. Bxe3 dxe3 36. Nxe3 Rxe3 37. Rd8+ Nf8 38. Ng5 $2 (38. h7+ $1 {Croad} 38...
Kxh7 39. Rxf7+ Kh6 40. Rdxf8 g5) 38... Nxh6 0-1

[Event "Summer Cup"]
[Site "Wellington Chess Club"]
[Date "2020.02.27"]
[Round "4.4"]
[White "Sellen, Ian"]
[Black "Vincenti, David Cilia"]
[Result "1-0"]
[WhiteElo "2022"]
[BlackElo "2265"]

1. c4 f5 2. d4 e6 3. Nc3 Nf6 4. g3 Bb4 5. Bg2 O-O 6. Nf3 d6 7. Qc2 Ne4 8. O-O
Bxc3 9. bxc3 Nc6 10. Ne1 d5 11. cxd5 exd5 12. Nd3 Kh8 13. Bf4 Qe7 14. Ne5 Nxe5
15. Bxe5 Be6 16. Rab1 b6 17. Rfd1 Rac8 18. Qb2 c5 19. dxc5 Qxc5 20. e3 Qe7 21.
Rbc1 Rc6 22. Bf1 Bg8 23. Bd4 h5 24. Qe2 h4 25. Qh5+ Bh7 26. Kg2 hxg3 27. hxg3
Kg8 28. Be2 Rh6 29. Qf3 f4 30. exf4 Nxg3 31. Qxd5+ Kh8 32. Qg5 Nf5 33. Qxe7
Nxe7 34. Rh1 Nf5 35. Be5 Nh4+ 36. Kg1 Be4 37. f3 Bf5 38. Kf2 Kh7 39. Kg3 Ng6
40. Rxh6+ gxh6 41. Bd4 h5 42. Rh1 h4+ 43. Kf2 Kh6 44. Be3 Kh5 45. Rg1 h3 46.
Rg5+ Kh4 47. Bf1 Rf6 48. Kg1 Re6 49. Bf2# 1-0

[Event "Summer Cup"]
[Site "Wellington Chess Club"]
[Date "2020.02.27"]
[Round "4.5"]
[White "Winter, Ryan"]
[Black "Lyall, Gordon"]
[Result "1-0"]
[WhiteElo "2120"]
[BlackElo "1915"]

1. e4 c6 2. d4 d5 3. e5 c5 4. dxc5 e6 5. a3 Bxc5 6. b4 Bb6 7. Nf3 Ne7 8. Bb2 a5
9. Nbd2 axb4 10. axb4 Rxa1 11. Bxa1 Nbc6 12. b5 Na5 13. Bd3 Ng6 14. g3 Bd7 15.
O-O O-O 16. Qe2 f6 17. Bc3 Qc7 18. Bb4 Bc5 19. Bxa5 Qxa5 20. c4 Nxe5 21. Nxe5
fxe5 22. Nb3 Qb6 23. Nxc5 Qxc5 24. Qxe5 b6 25. Kg2 Rf6 26. f4 Bc8 27. Re1 Bd7
28. Qh5 g6 29. Qe5 Rf8 30. h4 Ra8 31. Re2 Ra3 32. Rd2 Qb4 33. Qe2 Qc3 34. cxd5
exd5 35. f5 gxf5 36. Qe3 Qf6 37. Qf4 Qc3 38. Qg5+ Qg7 39. Qd8+ 1-0

[Event "Summer Cup"]
[Site "Wellington Chess Club"]
[Date "2020.02.27"]
[Round "4.6"]
[White "Pomeroy, Arthur"]
[Black "Aldridge, Alan"]
[Result "1-0"]
[WhiteElo "2055"]
[BlackElo "1893"]

1. e4 e5 2. Nf3 Nc6 3. Bb5 g6 4. O-O Bg7 5. c3 Nge7 6. d4 a6 7. Ba4 b5 8. Bb3
d6 9. h3 O-O 10. Bg5 h6 11. Be3 Na5 12. Bc2 Kh7 13. Nbd2 f5 14. dxe5 dxe5 15.
exf5 Bxf5 16. Bc5 Rf7 17. Re1 Nec6 18. a4 Nc4 19. axb5 Nxb2 20. Qc1 Nd3 21.
Bxd3 Qxd3 22. bxc6 e4 23. Nd4 a5 24. Re3 Qa6 25. Qf1 Qc8 26. Nxe4 Be5 27. Qc4
Kg7 28. Ng3 1-0

[Event "Summer Cup"]
[Site "Wellington Chess Club"]
[Date "2020.02.27"]
[Round "4.7"]
[White "Stone, Andrew"]
[Black "Stoeveken, Peter"]
[Result "1-0"]
[WhiteElo "2038"]
[BlackElo "1834"]

1. e4 c5 2. d4 cxd4 3. c3 dxc3 4. Nxc3 Nc6 5. Nf3 d6 6. Bc4 e6 7. O-O Be7 8.
Qe2 a6 9. Rd1 b5 10. Bb3 Bb7 11. Bf4 Qc7 12. Rac1 e5 13. Nd5 Qb8 14. Be3 Bd8
15. Ng5 Na5 16. Nxf7 Nxb3 17. Nxh8 Nxc1 18. Qh5+ g6 19. Qxh7 Bxd5 20. exd5 Ne7
21. Qf7+ Kd7 22. Bxc1 Qb7 23. Qe6+ Ke8 24. Nf7 Qxd5 25. Nxd6+ 1-0

[Event "Summer Cup"]
[Site "Wellington Chess Club"]
[Date "2020.02.27"]
[Round "4.9"]
[White "Brockway, Andrew"]
[Black "Jackson, Ross"]
[Result "0-1"]
[WhiteElo "1823"]
[BlackElo "1993"]

1. e4 e5 2. Nf3 d6 3. d4 Nf6 4. Nc3 Nbd7 5. Bg5 Be7 6. dxe5 dxe5 7. Bc4 c6 8.
Qe2 O-O 9. O-O Qc7 10. Rad1 b5 11. Bd3 Nc5 12. Qe3 Ne6 13. Bxf6 Bxf6 14. Rfe1
Nd4 15. h3 Nxf3+ 16. Qxf3 Qe7 17. Bf1 Be6 18. b3 a6 19. Rd3 Qc5 20. Qe3 Be7 21.
Qxc5 Bxc5 22. Red1 f5 23. exf5 Bxf5 24. R3d2 Bb4 25. Rd3 Bxd3 26. Rxd3 Bxc3 27.
Rxc3 Rac8 28. Rc5 Rfe8 29. Be2 e4 30. Kf1 g6 31. c4 Kg7 32. Bg4 Rc7 33. cxb5
axb5 34. Be2 Ree7 35. Ke1 Kf6 36. Kd2 Re5 37. Rc2 Ke6 38. Ke3 h5 39. Bf1 Kd6
40. Be2 Rf7 41. Bf1 Rff5 42. Rd2+ Rd5 43. Rc2 Rfe5 44. Be2 Rc5 45. Rd2+ Red5
46. Rb2 Ke5 47. f4+ exf3 48. Bxf3 Rc3+ 49. Kf2 Rdd3 50. Re2+ Kf6 51. Rb2 Rd4
52. Re2 Rc1 53. Be4 h4 54. Rb2 Rdd1 55. Bf3 Rf1+ 56. Ke3 Ke6 57. Rd2 Rce1+ 58.
Kd3 c5 59. Rc2 Kd6 60. Rb2 0-1

[Event "Summer Cup"]
[Site "Wellington Chess Club"]
[Date "2020.02.27"]
[Round "4.10"]
[White "Hall, Nathan"]
[Black "Chen, Wei Kai"]
[Result "1-0"]
[WhiteElo "1871"]
[BlackElo "1930"]

1. d4 Nf6 2. Bf4 g6 3. Nd2 Bg7 4. e4 d6 5. Ngf3 O-O 6. c3 Nh5 7. Bg5 Nc6 8. h3
h6 9. Bh4 g5 10. Bg3 Nxg3 11. fxg3 f5 12. Qb3+ Kh8 13. h4 e5 14. hxg5 exd4 15.
cxd4 fxe4 16. gxh6 Bf6 17. Nh4 Qe8 18. O-O-O Bxh4 19. Rxh4 e3 20. Ne4 Bf5 21.
Qxe3 d5 22. Qg5 Qf7 23. Rf4 dxe4 24. Rxf5 Qh7 25. g4 Rae8 26. Bb5 Rf7 27. Bc4
Rxf5 28. gxf5 1-0

[Event "Summer Cup"]
[Site "Wellington Chess Club"]
[Date "2020.02.27"]
[Round "4.11"]
[White "Loke, Kayden"]
[Black "He, Paul"]
[Result "1-0"]
[WhiteElo "1694"]
[BlackElo "1931"]

1. e4 c5 2. Nf3 g6 3. d4 cxd4 4. Nxd4 Bg7 5. Nc3 Nc6 6. Nxc6 bxc6 7. Qf3 e6 8.
Bc4 d5 9. exd5 cxd5 10. Bb3 Ne7 11. Bg5 O-O 12. O-O-O Qc7 13. Rhe1 Nf5 14. Bf4
Qc5 15. Na4 Qa5 16. Bd2 Qc7 17. Bc3 Bh6+ 18. Bd2 Nd4 19. Qf6 Bg7 20. Qh4 Rb8
21. Kb1 e5 22. Bh6 Nf5 23. Bxg7 Nxh4 24. Bxe5 Qb7 25. Bxd5 Qb4 26. Bxb8 Qxb8
27. g3 Nf5 28. b3 Bb7 29. Nc5 Bxd5 30. Nd7 Qb7 31. Rxd5 Kg7 32. c4 Rc8 33. Re4
Nd6 34. Red4 Qxd7 35. Rxd6 Qf5+ 36. Rd3 Qxf2 37. Rd2 Qe3 38. Kc2 a5 39. Ra6 Rc5
40. Rd7 Qe2+ 41. Rd2 Qe4+ 42. Kb2 h5 43. Ra7 Qe3 44. Rdd7 Rf5 45. Ka3 Qc5+ 46.
Kb2 Qf2+ 47. Ka3 Qxh2 48. Rd3 Qf2 49. Rc7 Qb6 50. Rcd7 Qb4+ 51. Kb2 Rf2+ 52.
Kb1 Qe1+ 53. Rd1 Qc3 54. R7d2 Rxd2 55. Rxd2 Qxd2 56. a3 Kf6 57. c5 Qe1+ 58. Kc2
Qxg3 59. c6 h4 60. c7 Qxc7+ 61. Kd3 h3 62. b4 h2 63. bxa5 h1=R 64. a6 Rd1+ 65.
Ke2 Qc2+ 66. Ke3 Rd3+ 67. Ke4 1-0

[Event "Summer Cup"]
[Site "Wellington Chess Club"]
[Date "2020.02.27"]
[Round "4.12"]
[White "Benitez, Edgar"]
[Black "Ashe, Michael"]
[Result "1-0"]
[WhiteElo "2037"]
[BlackElo "1643"]

1. d4 Nf6 2. c4 e6 3. a3 b6 4. Nc3 Bb7 5. Nf3 Be7 6. Bf4 Ne4 7. Rc1 O-O 8. e3
c5 9. Bd3 d5 10. O-O Bd6 11. Bxd6 Nxd6 12. dxc5 dxc4 13. Bxh7+ Kxh7 14. cxd6
Nd7 15. Nb5 Bd5 16. Nc7 Nf6 17. Ng5+ Kg8 18. Nxa8 Qxa8 19. f3 b5 20. e4 Bc6 21.
Qd4 Rd8 22. e5 Nd7 23. Qf4 f5 24. Nxe6 1-0